Central Library OPAC University of Rajshahi

Development of urban agriculture : (Record no. 79676)

MARC details
000 -LEADER
fixed length control field 01020nam a22002537a 4500
001 - CONTROL NUMBER
RUCL Control Number 79676
003 - CONTROL NUMBER IDENTIFIER
rucl marc code BD-RjUL
005 - DATE AND TIME OF LATEST TRANSACTION
control field 20220410121350.0
008 - FIXED-LENGTH DATA ELEMENTS--GENERAL INFORMATION
fixed length control field 220410s2005 bg a|||| m||| 00| 0 eng d
035 ## - SYSTEM CONTROL NUMBER
system control number (BD-RjUL)79676
040 ## - CATALOGING SOURCE
Original cataloging agency BD-RjUL
Language of cataloging eng
Transcribing agency BD-RjUL
Modifying agency BD-RjUL
041 ## - LANGUAGE CODE
Language code of Book eng
082 ## - DEWEY DECIMAL CLASSIFICATION NUMBER
DDC Edition number 23
Classification number 635
Author mark and Year RAD 2005
100 ## - MAIN ENTRY--PERSONAL NAME
Personal name Rana, Md. Masud arves
9 (RLIN) 2308
245 10 - TITLE STATEMENT
Title Development of urban agriculture :
Remainder of title A Case study of Rajshahi Metropolitan Area /
Statement of responsibility, etc Md. Masud Parves, Rana ;
Name of Supervisor/Co-Supervisor Supervisor : Syed, Rafiqul Alam, Rumi
260 ## - PUBLICATION, DISTRIBUTION, ETC. (IMPRINT)
Place of publication, distribution, etc Rajshahi,
Name of publisher, distributor, etc Department of Geography & environmental Studies, University of Rajshahi,
Date of publication, distribution, etc 2005
300 ## - PHYSICAL DESCRIPTION
Pagination xiii, 139 leaves :
Other physical details ill, ;
Dimensions 29.cm.
502 ## - DISSERTATION NOTE
Dissertation note Thesis (M.Phil.) -- Department of Geography & environmental Studies, University of Rajshahi, 2005
504 ## - BIBLIOGRAPHY, ETC. NOTE
Bibliography, etc Bibliography : Leaves 125 - 134
650 ## - SUBJECT ADDED ENTRY--TOPICAL TERM
Topical term or geographic name as entry element Farming
Form subdivision Rajshahi
9 (RLIN) 2309
Topical term or geographic name as entry element Urban
Form subdivision Metropolitan Area
Geographic subdivision Bangladesh
9 (RLIN) 2310
700 ## - ADDED ENTRY--SUPERVISOR/CO-SUPERVISOR NAME
Personal name Rumi, Syed, Rafiqul Alam, Supervisor
9 (RLIN) 2311
942 ## - ADDED ENTRY ELEMENTS (KOHA)
Source of classification or shelving scheme Dewey Decimal Classification
Koha item type Theses
Holdings
Source of classification or shelving scheme Damaged status Not for loan Collection code Permanent Location Current Location Shelving location Date of accession Source of acquisition Total Checkouts Full call number Barcode Date last seen Copy number Thesis
Dewey Decimal Classification   Not For Loan Theses Central Library, University of Rajshahi Central Library, University of Rajshahi Documentation Section 21/05/2006 Controller of Exam. R.U   THE 635 RAD 2005 D2496 10/04/2022 C-1 Theses